Todos os portos a que cheguei (Registo nº 200455)
[ vista simples ]
| 000 -Etiqueta do registo | |
|---|---|
| Valores | 00585nam 22002053 4500 |
| 010 ## - Número ISBN | |
| ISBN | 978-989-616-397-6 |
| 021 ## - Número do Depósito Legal | |
| Número | 320076/2010 |
| 100 ## - Dados gerais de processamento | |
| Dados gerais | 20260206d u||y0pory50 ba |
| 200 ## - Titulo e menção de responsabilidade | |
| Título próprio | Todos os portos a que cheguei |
| Primeira menção de responsabilidade | Pedro Vieira |
| Outras menções de responsabilidade | Prefácio António Ramalho Eanes |
| 205 ## - Menção da edição | |
| Edição | 1ª |
| 210 ## - Publicação | |
| Local de publicação | Lisboa |
| Nome do editor | Gradiva |
| Data de publicação | 2010 |
| 215 ## - Descrição física | |
| Paginação / Volumes | 446 p. |
| Outras indicações físicas | brochado |
| Dimensões | 22 cm |
| 606 ## - Nome comum usado como assunto | |
| ID Autoridade | 1246 |
| Palavra de ordem | Política |
| 675 ## - CDU | |
| Notação | 32 |
| Edição | PT |
| Língua | por |
| 700 ## - Autor principal (pessoa individual) | |
| ID Autoridade | 16249 |
| Apelido | Vieira |
| Nome | Pedro Jorge Reis Alves |
| Datas | 1945- |
| 801 ## - Fonte de origem | |
| País | PT |
| Agência | BMMN |
| Regras de catalogação | RPC |
| 830 ## - Notas gerais do catalogador | |
| Criado por | Fernando |
| Indexado por | Fernando |
| 990 ## - Elementos KOHA | |
| Tipo de documento | Livro |
| Situação do levantamento | Biblioteca de origem | Código de barras | Cota | Permissão de empréstimo | Tipo de documento | Forma de aquisição |
|---|---|---|---|---|---|---|
| Biblioteca Municipal de Montemor-o-Novo | 29627 | 32 VIE|LG | Livro | Compra |